| 000 | 00000nam##2200000za#4500 |
| 001 | 9.696341 |
| 003 | CaOODSP |
| 005 | 20220106100101 |
| 007 | cr ||||||||||| |
| 008 | 150407|2006||||xxc|||||o f|0| 0 eng|d |
| 040 | |aCaOODSP|beng |
| 043 | |an-cn--- |
| 086 | 1 |aIu81-3/2-2006E-PDF |
| 110 | 2 |aStandards Council of Canada. |
| 245 | 10|aKey considerations in the development and use of standards in legislative instruments : |h[electronic resource]|bunderstanding the partnership of the regulatory and voluntary standards systems |
| 246 | 1 |iAt head of title : |aNational Standards System (NSS) guide |
| 260 | |aOttawa - Ontario : |bStandards Council of Canada |cDecember 2006. |
| 300 | |a21p. |
| 500 | |a"The use of standards in regulation is supportive of a number of government policies and obligations such as the North America Free Trade Agreement, the World Trade Organization Technical Barriers to Trade Agreement, inter-provincial trade agreements, etc."--Page 4 of 21. |
| 590 | |a12-31-Supp|b2012-07-06 |
| 690 | 07|aStandards|2gcpds |
| 775 | 08|tPrincipaux points à considérer dans l'élaboration et l'utilisation des normes dans les instruments législatifs : |w(CaOODSP)9.640516 |
| 856 | 40|ahttp://publications.gc.ca|qPDF|s250 KB|uhttps://publications.gc.ca/collections/collection_2012/ccn-scc/Iu81-3-2-2006-eng.pdf |